[Event "Elgoibar"]
[Site "Elgoibar"]
[Date "1991.??.??"]
[Round "9"]
[White "Hoffman, Alejandro"]
[Black "Cruz Lopez Claret, Carlos"]
[Result "1-0"]
[WhiteElo "2415"]
[BlackElo "2275"]

1.d4 d5 2.c4 c6 3.Nf3 Nf6 4.Qc2 dxc4 5.Qxc4 b5 6.Qc2 Bb7 7.e4 e6 8.Bg5 Be7
9.Nbd2 h6 10.Bxf6 Bxf6 11.Be2 Qb6 12.Nb3 Nd7 13.e5 Be7 14.O-O O-O 15.Rac1 Rac8
16.Nc5 Rfd8 17.b4 Nf8 18.Qe4 Rc7 19.Nd2 Bxc5 20.dxc5 Qa6 21.Qc2 Ng6 22.Qb2 Nf4
23.Rfe1 Qa4 24.Ne4 Nxe2+ 25.Rxe2 Rd3 26.Nc3 Qa6 27.h3 Rcd7 28.Rcc2 Ba8 29.Rcd2 Qc8
30.Ne4 R7d5 31.Nd6 Qd8 32.Rxd3 Rxd3 33.Rd2 Rd5 34.Rxd5 exd5 35.f4 a5 36.Qa3 a4
37.Qg3 Qd7 38.f5 Bb7 39.f6 g6 40.Qf4 Kh7 41.Nxb7 Qxb7 42.e6  1-0

[Event "FRA-chT"]
[Site "FRA"]
[Date "1991.??.??"]
[Round "?"]
[White "Michalet, Guy"]
[Black "Boutteville, Cesar"]
[Result "1/2-1/2"]
[WhiteElo "2220"]
[BlackElo "2270"]

1.d4 d5 2.c4 c6 3.Nf3 Nf6 4.Nbd2 g6 5.e3 Bg7 6.Be2 O-O 7.b3 Ne4 8.Bb2 Nxd2
9.Qxd2 e6 10.O-O Nd7 11.Rfd1 Re8 12.Rac1 a5 13.a3 Bf8 14.Ra1 b6 15.b4 Bb7
16.c5 b5 17.Bc3 a4 18.Bd3 f5 19.Ne5 Nxe5 20.dxe5 Bg7 21.Bd4 Rf8 22.f4 g5
23.g3 Bc8 24.Kf2 Bd7 25.Rh1 Be8 26.Be2 Ra7 27.h4  1/2-1/2

[Event "Groningen"]
[Site "Groningen"]
[Date "1991.??.??"]
[Round "6"]
[White "Romanishin, Oleg M"]
[Black "Brenninkmeijer, Joris"]
[Result "1-0"]
[WhiteElo "2600"]
[BlackElo "2525"]

1.d4 d5 2.c4 c6 3.Nf3 Nf6 4.Qb3 dxc4 5.Qxc4 Bf5 6.g3 e6 7.Bg2 Nbd7 8.O-O Be7
9.Bg5 Qb6 10.Qc1 h6 11.Bd2 O-O 12.Nc3 Rfd8 13.Re1 Ne4 14.Be3 Nxc3 15.bxc3 Qa6
16.a4 Be4 17.Bf1 c5 18.Nd2 Bg6 19.Qb2 Qb6 20.Qa2 Nf6 21.Nc4 Qa6 22.Ne5 Be4
23.f3 Bh7 24.Bf2 Qa5 25.Nc4 Qc7 26.e4 Nd7 27.Rab1 Nb6 28.Na3 Nxa4 29.Nb5 Qa5
30.dxc5 a6 31.c6 axb5 32.Rxb5 Qa6 33.cxb7 Rab8 34.Ra1 Rxb7 35.Qxa4 Qxa4 36.Rxa4 Rxb5
37.Bxb5 f5 38.exf5 Bxf5 39.g4 Bd3 40.Bc6 Bf6 41.c4 Be2 42.Kg2 g5 43.c5 Rd1
44.Be3 Be5 45.Be4 Bf1+ 46.Kf2 Bb5 47.Ra5 Bc4 48.c6 Bxh2 49.Kg2 Bd6 50.Ra7  1-0

[Event "Hamburg SKA"]
[Site "Hamburg"]
[Date "1991.??.??"]
[Round "?"]
[White "Cramling, Pia"]
[Black "Piket, Jeroen"]
[Result "0-1"]
[WhiteElo "2470"]
[BlackElo "2550"]

1.d4 d5 2.c4 dxc4 3.Nf3 c6 4.Nc3 b5 5.a4 b4 6.Nb1 Nf6 7.e3 Ba6 8.Nbd2 c3
9.bxc3 Bxf1 10.Nxf1 bxc3 11.Ng3 e6 12.a5 Nbd7 13.O-O Bb4 14.Qa4 Rb8 15.Ba3 Qxa5
16.Qxa5 Bxa5 17.Bd6 Rb5 18.e4 Nb6 19.Ne5 Bb4 20.Bxb4 Rxb4 21.Rfc1 Rxd4 22.Rxc3 Nxe4
23.Nxe4 Rxe4 24.Nxc6 O-O 25.g3 Nd5 26.Rca3 h5 27.Rxa7 h4 28.Kg2 g5 29.Ne7+ Nxe7
30.Rxe7 Kg7 31.Raa7 Kg6 32.Rec7 g4 33.gxh4 Rf4 34.Rc5 Rd8 35.Kg3 Rf3+ 36.Kxg4 Rxf2
37.Ra4 f5+ 38.Kg3 Rdd2 39.Rc6 Kf6 40.Raa6 Rg2+ 41.Kf3 Rdf2+ 42.Ke3 Re2+ 43.Kf3 Rxh2
44.Rc4 Ref2+ 45.Kg3 Rhg2+ 46.Kh3 Rg1 47.Raa4 Rh1+ 48.Kg3 Rfh2 49.Rf4 Rh3+
50.Kg2 R1h2+ 51.Kg1 Rb2 52.Rf2 Rb8 53.Kg2 Rbb3 54.Re2 Rbg3+ 55.Kf1 Rg8 56.Ke1 Rh1+
57.Kd2 Rh8 58.Ra6 Rd8+ 59.Kc2 Re8 60.Ra4 Rc8+ 61.Kd2 Rhc1 62.Rb4 R1c2+  0-1

[Event "Hania op"]
[Site "Hania"]
[Date "1991.??.??"]
[Round "9"]
[White "Tsorbatzoglou, Theodoros"]
[Black "Nikolaidis, Konstantinos"]
[Result "1/2-1/2"]
[WhiteElo "2280"]
[BlackElo "2245"]

1.d4 Nf6 2.Nf3 c6 3.c4 d5 4.Qc2 g6 5.Bf4 Bg7 6.e3 O-O 7.Nc3 a6 8.cxd5 cxd5
9.Be2 Nc6 10.Qb3 Na5 11.Qb4 Bg4 12.O-O Rc8 13.Rfc1 Bxf3 14.Bxf3 Rc4 15.Qa3 Rc6
16.Na4 Nc4 17.Qb4 Qc8 18.b3 Ne5 19.Rxc6 Nxf3+ 20.gxf3 bxc6 21.Kg2  1/2-1/2

[Event "CUB-ch"]
[Site "Holguin"]
[Date "1991.??.??"]
[Round "2"]
[White "Borges Mateos, Juan"]
[Black "Lugo, Blas"]
[Result "1/2-1/2"]
[WhiteElo "2385"]
[BlackElo "2335"]

1.d4 d5 2.c4 c6 3.Nf3 Nf6 4.g3 Bf5 5.Bg2 e6 6.O-O Nbd7 7.b3 h6 8.Bb2 Bd6
9.Nbd2 O-O 10.Ne5 Qe7 11.Nxd7 Qxd7 12.f3 Bh7 13.e4 dxe4 14.Nxe4 Be7 15.Qe2 Rfe8
16.Rad1 Rad8 17.Nc5 Qc7 18.Nd3 Bxd3 19.Rxd3 c5 20.Rfd1 cxd4 21.Bxd4 Rxd4
22.Rxd4 Bc5 23.Kf1 Bxd4 24.Rxd4  1/2-1/2

[Event "CUB-ch"]
[Site "Holguin"]
[Date "1991.??.??"]
[Round "4"]
[White "Arencibia, Walter"]
[Black "Lugo, Blas"]
[Result "0-1"]
[WhiteElo "2530"]
[BlackElo "2335"]

1.d4 d5 2.Nf3 Nf6 3.c4 c6 4.Qc2 e6 5.g3 dxc4 6.Qxc4 b5 7.Qc2 Bb7 8.Bg2 Nbd7
9.Nc3 c5 10.O-O b4 11.Na4 Rc8 12.Rd1 cxd4 13.Qd2 e5 14.e3 d3 15.e4 Bxe4 16.Qe3 Qa5
17.b3 Bc5 18.Nxc5 Qxc5 19.Qxc5 Rxc5 20.Bd2 Rb5 21.Rac1 O-O 22.Rc7 a5 23.g4 h6
24.h4 Nc5 25.Re1 Bxf3 26.Bxf3 e4 27.Bg2 Nd5 28.Rc6 Re8 29.g5 hxg5 30.hxg5 Nc3
31.a4 Nxb3 32.axb5 Nxd2 33.b6 Rb8 34.g6 fxg6 35.Re3 Ne2+ 36.Kh2 b3 37.Bxe4 Nf1+
38.Kh1 Nxe3 39.Bxd3 Nf4  0-1

[Event "Katowice op"]
[Site "Katowice"]
[Date "1991.??.??"]
[Round "6"]
[White "Rajskij, Eduard"]
[Black "Ionov, Sergey"]
[Result "1-0"]
[WhiteElo "2420"]
[BlackElo "2515"]

1.d4 d5 2.c4 c6 3.Nf3 Nf6 4.Qc2 g6 5.Bf4 Na6 6.Nbd2 Bf5 7.Qb3 Qb6 8.e3 Qxb3
9.axb3 Nb4 10.Ra4 Nd3+ 11.Bxd3 Bxd3 12.Ne5 Bf5 13.h3 Nd7 14.g4 Be6 15.Nd3 f6
16.Ke2 g5 17.Bg3 h5 18.Rha1 hxg4 19.hxg4 Bxg4+ 20.f3 Bf5 21.Rxa7 Rxa7 22.Rxa7 Rh3
23.Nf1 dxc4 24.bxc4 Be6 25.b3 b5 26.d5 cxd5 27.c5 Bf5 28.c6 Nb6 29.Rb7 Nc8
30.Rxb5 e5 31.Rxd5 Be6 32.Rb5 Rh7 33.Rb7 Rf7 34.e4 Kd8 35.Bf2 Rc7 36.Bb6 Nxb6
37.Rxb6 Ke7 38.b4 g4 39.Ne3 gxf3+ 40.Kxf3 Kd6 41.Nc5 Bc8 42.Nc4+ Ke7 43.b5 f5
44.exf5 Bxf5 45.Rb7 Kd8 46.Na6  1-0

[Event "Katowice op"]
[Site "Katowice"]
[Date "1991.??.??"]
[Round "8"]
[White "Budnikov, Alexandar"]
[Black "Lisik, Valery"]
[Result "1/2-1/2"]
[WhiteElo "2440"]
[BlackElo "2485"]

1.d4 d5 2.c4 c6 3.Nf3 Nf6 4.g3 g6 5.Bg2 Bg7 6.O-O O-O 7.Qb3 Qb6 8.Nc3 Na6
9.cxd5 Qxb3 10.axb3 Nxd5 11.Bd2 Nb6 12.e3 Rd8 13.Rfc1 Bg4 14.Ne4 Bf5 15.Nh4 e5
16.Nxf5 gxf5 17.Nc5 Nxc5 18.Rxc5 exd4 19.Rxf5 dxe3 20.Bxe3 Bxb2 21.Rg5+ Kh8
22.Raa5 Rd1+ 23.Bf1 Bc1 24.Bxc1 Rxc1 25.Kg2 Rc3 26.Rgf5 Kg7 27.Rg5+ Kh8 28.Rgf5 Kg7  1/2-1/2

[Event "Katowice op"]
[Site "Katowice"]
[Date "1991.??.??"]
[Round "9"]
[White "Arbakov, Valentin"]
[Black "Sherbakov, Ruslan"]
[Result "1-0"]
[WhiteElo "2485"]
[BlackElo "2505"]

1.d4 d5 2.c4 c6 3.Nf3 Nf6 4.Qc2 g6 5.cxd5 cxd5 6.Nc3 Bg7 7.Bf4 O-O 8.e3 Nc6
9.Be2 Re8 10.Ne5 Nxe5 11.Bxe5 a6 12.O-O e6 13.Na4 Re7 14.Rfc1 Ne8 15.Qc5 Bxe5
16.dxe5 Rc7 17.Qb6 Bd7 18.Rxc7 Qxc7 19.Qxc7 Nxc7 20.Rc1 Bc6 21.Nc5 Rc8 22.Nb3 Na8
23.Rc3 Nb6 24.Nc5 Nc4 25.Bxc4 dxc4 26.Rxc4 Bd5 27.Rc3 Bxa2 28.Nxb7 Rb8 29.Rc7 a5
30.e4 a4 31.h4 Bc4 32.Kh2 Ba6 33.Nc5 Rxb2 34.Nxa6 a3 35.Ra7 Rxf2 36.Nc5 a2
37.Kg3 Rc2 38.Nd7 Kg7 39.Nf6 Kh6 40.Rxf7  1-0

[Event "Kemerovo"]
[Site "Kemerovo"]
[Date "1991.??.??"]
[Round "?"]
[White "Titlianov, Y."]
[Black "Kozlov, Oleg"]
[Result "1-0"]
[WhiteElo "2410"]
[BlackElo "2395"]

1.d4 d5 2.c4 c6 3.Nf3 Nf6 4.Qc2 g6 5.Bf4 Na6 6.e3 Bf5 7.Qb3 Nb4 8.Qxb4 e5
9.c5 exf4 10.exf4 b6 11.Ne5 bxc5 12.Qb7 Bd7 13.Nxd7 Nxd7 14.Qxc6 Rc8 15.Qxd5 cxd4
16.Bb5 Bb4+ 17.Kd1 O-O 18.Qxd7 Qh4 19.g3 Qh5+ 20.Be2 Qc5 21.Nd2 Qc2+ 22.Ke1 Qxd2+
23.Kf1 Rfd8 24.Qb7 d3 25.Bg4 Rc2 26.Qf3 f5 27.Bh3 Bc5  1-0

[Event "JUG-ch"]
[Site "Kladovo"]
[Date "1991.??.??"]
[Round "11"]
[White "Ermeni, Avni"]
[Black "Stanojoski, Zvonko"]
[Result "0-1"]
[WhiteElo "2230"]
[BlackElo "2370"]

1.Nf3 d5 2.d4 Nf6 3.c4 c6 4.g3 e6 5.Bg2 Be7 6.O-O O-O 7.Nc3 Nbd7 8.b3 Qa5
9.Bd2 Qb6 10.Bf4 Re8 11.Qc2 Bb4 12.Na4 Qd8 13.Rad1 Qe7 14.Nb2 Bd6 15.Ne5 Bxe5
16.dxe5 Ng4 17.e4 d4 18.Rxd4 Ngxe5 19.Rfd1 h6 20.h3 c5 21.R4d2 Nc6 22.Bd6 Qg5
23.Qc3 e5 24.f4 Qf6 25.Qe3 b6 26.Rf2 Qg6 27.Rd5 Bb7 28.Bc7 Nf6 29.fxe5 Nxd5
30.exd5 Nxe5 31.Be4 Nf3+ 32.Qxf3 Rxe4 33.Nd3 Rae8 34.Bf4 Bc8 35.Kh2 Bd7 36.Bc1 Rd4
37.Nf4 Qe4 38.Qc3 Rd1 39.Rg2 Qe1  0-1

[Event "Krumbach op"]
[Site "Krumbach"]
[Date "1991.??.??"]
[Round "3"]
[White "Krasenkow, Michal"]
[Black "Mukhametov, Eldar"]
[Result "1-0"]
[WhiteElo "2570"]
[BlackElo "2390"]

1.Nf3 d5 2.d4 Nf6 3.c4 c6 4.Qc2 e6 5.g3 dxc4 6.Qxc4 b5 7.Qc2 Bb7 8.Bg2 Qb6
9.a4 Nbd7 10.O-O c5 11.axb5 cxd4 12.Na3 Bxa3 13.bxa3 Qxb5 14.Nxd4 Qa6 15.Bxb7 Qxb7
16.Rb1 Qd5 17.Rd1 O-O 18.Nc6 Qh5 19.Rb7 Ne5 20.Rxa7 Rxa7 21.Nxa7 Neg4 22.h4 e5
23.f3 e4 24.fxg4 Qxg4 25.Kh2 Nh5 26.Rg1 f5 27.e3 g5 28.Nc6 f4 29.exf4 Ng7
30.Qd1 Qe6 31.Qd5  1-0

[Event "FRA-ch Acc"]
[Site "Montpellier"]
[Date "1991.??.??"]
[Round "9"]
[White "Bernard, Christophe"]
[Black "Torres, P."]
[Result "1-0"]
[WhiteElo "2295"]
[BlackElo "1900"]

1.d4 d5 2.c4 c6 3.Nf3 Nf6 4.Qc2 e6 5.g3 Be7 6.Bg2 dxc4 7.Qxc4 b5 8.Qc2 Bb7
9.O-O O-O 10.Nbd2 Qb6 11.Nb3 Nbd7 12.Be3 Nd5 13.Bg5 f6 14.Bd2 a5 15.e4 Nb4
16.Qb1 a4 17.Nc5 Bxc5 18.dxc5 Qxc5 19.Rd1 Rfd8 20.a3 Na6 21.Ba5 Nb6 22.Rxd8+ Rxd8
23.Qc1 Rd3 24.Qxc5 Nxc5 25.Bxb6 Nb3 26.Bf1  1-0

[Event "Moscow2"]
[Site "Moscow"]
[Date "1991.??.??"]
[Round "?"]
[White "Ksieski, Zbigniew"]
[Black "Shvedchikov, Anatoli I"]
[Result "1-0"]
[WhiteElo "2370"]
[BlackElo "2395"]

1.d4 Nf6 2.c4 c6 3.Nf3 d5 4.Qc2 Bg4 5.Ne5 Be6 6.e3 Nbd7 7.Nc3 g6 8.cxd5 cxd5
9.Nxd7 Bxd7 10.Qb3 Bc6 11.Bd3 Bg7 12.O-O O-O 13.Bd2 Qd7 14.a4 e6 15.Ne2 Rfc8
16.Rfc1 Bf8 17.Bb4 Ne8 18.Bxf8 Kxf8 19.h4 Rc7 20.a5 Rac8 21.Rc5 Qd8 22.g3 Kg7
23.Nf4 Bd7 24.Rxc7 Qxc7 25.Qb4 Bc6 26.Rc1 Qd6 27.Rc5 Nf6 28.Qb3 e5 29.Ng2 exd4
30.exd4 Re8 31.Rc1 Re7 32.Qc3 Rc7 33.b4 Ne8 34.Qd2 Bd7 35.Re1 Qf6 36.Re5 Qd8
37.Nf4 Nf6 38.h5 b6 39.hxg6 hxg6 40.axb6 axb6 41.Qe1 Bg4 42.Kg2 Ra7 43.Rg5 Re7
44.Qh1 Re8 45.Bxg6 fxg6 46.Rxg6+ Kf7 47.Rxg4 Nxg4 48.Qh7+ Kf6 49.Nh5+  1-0

[Event "Moscow7 op"]
[Site "Moscow"]
[Date "1991.??.??"]
[Round "?"]
[White "Petrosian, Arshak B"]
[Black "Luecke, Norbert"]
[Result "1-0"]
[WhiteElo "2505"]
[BlackElo "2390"]

1.d4 Nf6 2.c4 c6 3.Nf3 d5 4.Qb3 dxc4 5.Qxc4 Be6 6.Qa4 Nbd7 7.Nc3 Nb6 8.Qc2 g6
9.e4 Bg7 10.Be2 O-O 11.O-O Ne8 12.h3 f6 13.Bf4 Rc8 14.Rad1 Nc7 15.Rfe1 Bf7
16.Qb1 Qe8 17.Bf1 e5 18.Bg3 Qe7 19.Bh4 g5 20.Bg3 Rfd8 21.Be2 h5 22.dxe5 fxe5
23.Rxd8+ Rxd8 24.Nd1 Qb4 25.Ne3 Na4 26.Nxe5 Bxe5 27.Bxe5 Nb5 28.Nf5 Kh7 29.a3 Qa5
30.b4 Qb6 31.Qc1 Rg8 32.Ne7 Qd8 33.Nxg8  1-0

[Event "Nimes op"]
[Site "Nimes"]
[Date "1991.??.??"]
[Round "1"]
[White "Krasenkow, Michal"]
[Black "Krnavek, Lubomir"]
[Result "1-0"]
[WhiteElo "2570"]
[BlackElo "2275"]

1.d4 d5 2.Nf3 Nf6 3.c4 c6 4.Qc2 dxc4 5.Qxc4 Bf5 6.Bg5 e6 7.Nc3 Be7 8.e3 Qb6
9.Bd3 Qxb2 10.Rb1 Bxd3 11.Qxd3 Qa3 12.Rb3 Qa6 13.Qxa6 Nxa6 14.Bxf6 gxf6 15.Rxb7 Bb4
16.Kd2 O-O 17.Kd3 c5 18.Ne4 cxd4 19.exd4 Kg7 20.Rb1 Ba5 21.Nc5 Nc7 22.a4 Bb6
23.Nd7 Rfc8 24.a5 Bxa5 25.Ra1 Rd8 26.Rxa5 Rxd7 27.Rc5 Rc8 28.Rxa7 e5 29.Rc4 Na8
30.Rxd7 Rxc4 31.dxe5 Rc6 32.Nd4 Ra6 33.e6  1-0

[Event "Oberwart op"]
[Site "Oberwart"]
[Date "1991.??.??"]
[Round "?"]
[White "Klinger, Josef"]
[Black "Misanovic, Vesna"]
[Result "1-0"]
[WhiteElo "2510"]
[BlackElo "2305"]

1.d4 d5 2.c4 c6 3.Nf3 Nf6 4.Qc2 g6 5.Bf4 Bg7 6.e3 Bf5 7.Qb3 Qb6 8.Nc3 Nbd7
9.h3 h6 10.Be2 g5 11.Bh2 e6 12.Qa3 Ne4 13.O-O Qd8 14.Nxe4 Bxe4 15.Nd2 Bg6
16.cxd5 exd5 17.e4 dxe4 18.Nc4 Qe7 19.Bd6 Qe6 20.Na5 Nb6 21.Nxb7 Nc8 22.d5 Qxd5
23.Rad1 Qe6 24.Be5 f6 25.Rd8+ Kf7 26.Rxh8  1-0

[Event "Philadelphia World op"]
[Site "Philadelphia"]
[Date "1991.??.??"]
[Round "4"]
[White "Shipman, Walter"]
[Black "Pakkanen, Jukka"]
[Result "1/2-1/2"]
[WhiteElo "2285"]
[BlackElo "2290"]

1.d4 d5 2.Nf3 Nf6 3.c4 c6 4.Qc2 g6 5.Bf4 Bg7 6.e3 O-O 7.Nc3 Qa5 8.Nd2 Nh5
9.Nb3 Qd8 10.Bxb8 Rxb8 11.cxd5 cxd5 12.Be2 Nf6 13.O-O Bf5 14.Bd3 e6 15.Rfc1 b6
16.a4 Qd7 17.Bxf5 gxf5 18.Qe2 Rfc8 19.Qa6 f4 20.exf4 Qd6 21.g3 h5 22.Na2 Qd7
23.Rxc8+ Rxc8 24.Rc1 Rxc1+ 25.Naxc1 h4 26.a5 hxg3 27.hxg3 Qc7 28.axb6 axb6
29.Qd3 Qc4 30.Kf1 Kf8 31.f3 Ke7 32.Kf2 Ne8 33.Qc3 Nd6 34.Ne2 Nb5 35.Qxc4 dxc4
36.Nd2 c3 37.bxc3 Nxc3 38.Nb3 Nxe2 39.Kxe2 Kd6 40.Kd3 Kd5 41.g4 Bf6 42.f5  1/2-1/2

[Event "Bohemians"]
[Site "Prague"]
[Date "1991.??.??"]
[Round "12"]
[White "Konopka, Michal"]
[Black "Vavra, Pavel"]
[Result "1/2-1/2"]
[WhiteElo "2390"]
[BlackElo "2275"]

1.Nf3 d5 2.d4 Nf6 3.c4 c6 4.Qb3 Qb6 5.c5 Qxb3 6.axb3 Bf5 7.Nc3 e6 8.b4 Na6
9.b5 Nb4 10.Ra4 Nc2+ 11.Kd2 cxb5 12.Nxb5 Rc8 13.Nc3 b5 14.Rxa7 b4 15.e4 Nxd4
16.Nxd4 bxc3+ 17.Ke1 Bxc5 18.Nxf5 Bxa7 19.Nd6+ Ke7 20.Nxc8+ Rxc8 21.exd5 Ne4
22.Ba6 cxb2 23.Bxb2 Rc2 24.Ba3+ Bc5 25.Bd3 Ra2 26.Bxe4 Bxa3 27.g4 Bc5 28.dxe6 Bxf2+
29.Kf1 Kxe6 30.h4 Ke5 31.Bxh7 Ra1+ 32.Kg2 Rxh1 33.Kxh1 Bxh4 34.Bf5  1/2-1/2

[Event "Santa Clara"]
[Site "Santa Clara"]
[Date "1991.??.??"]
[Round "7"]
[White "Vilela, Jose Luis"]
[Black "Ruban, Vadim"]
[Result "0-1"]
[WhiteElo "2440"]
[BlackElo "2575"]

1.d4 d5 2.c4 c6 3.Nf3 dxc4 4.e3 b5 5.a4 e6 6.Nc3 Bb4 7.Bd2 Bb7 8.axb5 Bxc3
9.Bxc3 cxb5 10.b3 a5 11.bxc4 b4 12.Bb2 Nf6 13.Bd3 Nbd7 14.O-O Qc7 15.Nd2 O-O
16.f4 a4 17.Rc1 Rfd8 18.Qe2 Nf8 19.e4 b3 20.Nb1 Qb6 21.c5 Qc6 22.Rfe1 Ng6
23.Qf3 Ba6 24.Bxa6 Rxa6 25.Na3 Qa8 26.h3 Ne7 27.Rcd1 h6 28.Kh1 Re8 29.d5 exd5
30.exd5 Nfxd5 31.Rxd5 Nxd5 32.Rxe8+ Qxe8 33.Qxd5 Qe1+ 34.Kh2 Qf2 35.Qd4 Qxd4
36.Bxd4 Ra8 37.Kg3 Rd8 38.Be3 Rd3 39.Kf2 b2 40.Nb1 a3 41.c6 Rxe3 42.Kxe3 a2  0-1

[Event "SLO-ch"]
[Site "SLO"]
[Date "1991.??.??"]
[Round "?"]
[White "Osterman, Rudolf"]
[Black "Zorman, Vojko"]
[Result "1-0"]
[WhiteElo "2370"]
[BlackElo "2270"]

1.Nf3 d5 2.d4 Nf6 3.c4 c6 4.Qc2 e6 5.Nbd2 Nbd7 6.b3 Bd6 7.Bb2 O-O 8.e3 Re8
9.Ne5 Qc7 10.f4 Bb4 11.Bd3 c5 12.O-O cxd4 13.exd4 b6 14.Ndf3 Bb7 15.Ng5 Nf8
16.a3 Be7 17.Ngxf7 Ne4 18.Bxe4 dxe4 19.Ng5 Bxg5 20.fxg5 Ng6 21.Nxg6 hxg6
22.Qc3 Rf8 23.Qh3 Qe7 24.Qg3 Rf5 25.Rxf5 exf5 26.Qe3 Rf8 27.g3 Rf7 28.d5 Qd7
29.Rf1 Qd8 30.h4 b5 31.Be5 bxc4 32.bxc4 Qe8 33.Bf4 Qa4 34.Rc1 Rd7 35.Qc3 a5
36.Qe5 Kh7 37.h5 gxh5 38.Qe8 g6 39.Be5 Rg7 40.Qxa4  1-0

[Event "Rilton Cup"]
[Site "Stockholm"]
[Date "1991.??.??"]
[Round "3"]
[White "Rajskij, Eduard"]
[Black "Bjerring, Kai"]
[Result "1-0"]
[WhiteElo "2420"]
[BlackElo "2330"]

1.d4 Nf6 2.c4 c6 3.Nf3 d5 4.Qc2 e6 5.g3 Nbd7 6.Bg2 Be7 7.O-O O-O 8.b3 Ne4
9.Bb2 f5 10.Nbd2 Ndf6 11.Ne5 Nxd2 12.Qxd2 Bd6 13.Rad1 Bd7 14.f3 Be8 15.Nd3 Qe7
16.Rde1 h6 17.Nf2 Bg6 18.e4 Bb4 19.Bc3 Bxc3 20.Qxc3 fxe4 21.fxe4 dxe4 22.Nxe4 Nxe4
23.Bxe4 Rxf1+ 24.Kxf1 Rf8+ 25.Kg2 Qf6 26.Bf3 Rd8 27.Re5 c5 28.d5 exd5 29.cxd5 b6
30.Qe3 Bf7 31.g4 Qd6 32.h4 Kf8 33.Qf4 Rd7 34.g5 Re7 35.Rf5 Qxf4 36.Rxf4 hxg5
37.hxg5 Ke8 38.d6  1-0

[Event "Taby op"]
[Site "Taby"]
[Date "1991.??.??"]
[Round "?"]
[White "Martynov, Pavel"]
[Black "Sherbakov, Ruslan"]
[Result "0-1"]
[WhiteElo "2465"]
[BlackElo "2525"]

1.d4 Nf6 2.c4 c6 3.Nf3 d5 4.Qb3 e6 5.g3 Nbd7 6.Bg2 Be7 7.O-O O-O 8.Nc3 Nb6
9.c5 Nbd7 10.Qc2 b6 11.b4 a5 12.b5 Bb7 13.cxb6 cxb5 14.Nxb5 Qxb6 15.Rb1 Rfc8
16.Qd3 Ba6 17.a4 Bb4 18.Bd2 Bxb5 19.axb5 Rc4 20.e3 Ne4 21.Rfc1 Nxd2 22.Nxd2 Rxc1+
23.Rxc1 Bxd2 24.Qxd2 Qxb5 25.Rc7 Nf6 26.Bf1 Qb6 27.Qc2 g6 28.Rc6 Qb4 29.Rc7 Qb6
30.Rc6 Qb4 31.Rc7 Ne8 32.Rd7 Qb6 33.Qa4 Nf6 34.Re7 Ra7 35.Rxa7 Qxa7 36.f3 Qc7
37.Qa3 h5 38.Bb5 Kg7 39.Kh1 Qc2 40.Kg1 Qd2 41.Ba4 Qe1+ 42.Kg2 Qe2+  0-1

[Event "Tel Aviv"]
[Site "Tel Aviv"]
[Date "1991.??.??"]
[Round "2"]
[White "Davies, Nigel R"]
[Black "Greenfeld, Alon"]
[Result "1/2-1/2"]
[WhiteElo "2500"]
[BlackElo "2520"]

1.d4 d5 2.c4 c6 3.Nf3 Nf6 4.Qb3 e6 5.g3 Be7 6.Bg2 O-O 7.O-O Nbd7 8.Nc3 b6
9.cxd5 cxd5 10.Bf4 Bb7 11.Rfc1 Nh5 12.Bd2 Nhf6 13.a4 a6 14.a5 b5 15.Na2  1/2-1/2

[Event "USA-ch (Women)"]
[Site "USA"]
[Date "1991.??.??"]
[Round "?"]
[White "Levitina, Irina S"]
[Black "Dimitrijevic, Vesna"]
[Result "1-0"]
[WhiteElo "2370"]
[BlackElo "2085"]

1.d4 Nf6 2.Nf3 d5 3.c4 c6 4.Qc2 e6 5.Bg5 Nbd7 6.e3 Be7 7.Nc3 dxc4 8.Bxc4 b5
9.Bb3 Bb7 10.O-O a6 11.Rad1 Rc8 12.e4 h6 13.Bh4 Qb6 14.e5 Nd5 15.Bxe7 Nxc3
16.Bc5  1-0

[Event "Val Thorens op"]
[Site "Val Thorens"]
[Date "1991.??.??"]
[Round "?"]
[White "Johansson, Jan"]
[Black "Chabanon, Jean Luc"]
[Result "0-1"]
[WhiteElo "2365"]
[BlackElo "2435"]

1.d4 d5 2.c4 c6 3.Nf3 Nf6 4.Qc2 e6 5.Bg5 h6 6.Bh4 Nbd7 7.e3 Qa5+ 8.Nc3 Ne4
9.Bd3 Nxc3 10.bxc3 dxc4 11.Bxc4 Nb6 12.Bb3 c5 13.Ne5 Bd6 14.Nxf7 Kxf7 15.Qf5+ Ke8
16.Qg6+ Kf8 17.Qf5+  0-1

[Event "Wuerzburg op"]
[Site "Wuerzburg"]
[Date "1991.??.??"]
[Round "6"]
[White "Ksieski, Zbigniew"]
[Black "Sokolova, Marina"]
[Result "0-1"]
[WhiteElo "2370"]
[BlackElo "2165"]

1.d4 d5 2.c4 c6 3.Nf3 Nf6 4.Qc2 g6 5.Bf4 Bf5 6.Qb3 Qb6 7.c5 Qxb3 8.axb3 Nbd7
9.Nc3 a6 10.h3 Bg7 11.g4 Be4 12.Rg1 Bxf3 13.exf3 O-O 14.Kd2 Rfe8 15.Re1 h6
16.Na4 Nh7 17.Be3 e5 18.dxe5 Nxe5 19.Be2 Ng5 20.Bxg5 hxg5 21.Nb6 Rad8 22.Bd1 Re6
23.Re3 Rde8 24.b4 Bf6 25.b3 Bd8 26.Na4 a5 27.bxa5 Bxa5+ 28.Kc2 Bb4 29.h4 gxh4
30.f4 Nd7 31.Rh3 Re4 32.Rf3 Rd4 33.g5 Ree4  0-1

[Event "Asuncion"]
[Site "Asuncion"]
[Date "1992.??.??"]
[Round "2"]
[White "Franco Ocampo, Zenon"]
[Black "Rubinetti, Jorge A"]
[Result "1/2-1/2"]
[WhiteElo "2525"]
[BlackElo "2450"]

1.d4 d5 2.c4 c6 3.Nf3 Nf6 4.Qc2 g6 5.Bf4 Bg7 6.e3 O-O 7.Nc3 Be6 8.Qb3 Qb6
9.c5 Qxb3 10.axb3 Nbd7 11.b4 a6 12.h3 Ne4 13.Bd3 f5 14.Ke2 Rfe8 15.Na4 h6
16.h4 Bf7 17.Ne5 Nef6 18.f3 e6 19.Rhg1 Nxe5 20.Bxe5 Nd7 21.Bxg7 Kxg7 22.Kd2 Kf6
23.g4 e5 24.Nc3 e4 25.Be2 Ke7 26.gxf5 gxf5 27.fxe4 fxe4 28.Rg7  1/2-1/2

[Event "Bagneux"]
[Site "Bagneux"]
[Date "1992.??.??"]
[Round "3"]
[White "Stempin, Pawel"]
[Black "Bartha, Sandor"]
[Result "1/2-1/2"]
[WhiteElo "2440"]
[BlackElo "2310"]

1.d4 d5 2.c4 c6 3.Nf3 Nf6 4.Qb3 Qb6 5.Nc3 Qxb3 6.axb3 e6 7.Bf4 Na6 8.e3 Nh5
9.Be2 Nxf4 10.exf4 Bd6 11.g3 Nb4 12.O-O b6 13.Na4 Bb7 14.c5 Bc7 15.Rfc1 b5
16.Nc3 a5 17.h4 O-O 18.Na2 Na6 19.Bd3 f6 20.Rc2 Rae8 21.Re1 Bc8 22.Kg2 Nb8
23.Rce2 Bd7 24.Re3 Na6 25.Kg1 Ra8 26.Bf1 Rfe8 27.Bh3 Kf7 28.R1e2 h5 29.Ne1 g6
30.Nd3 Bd8 31.Nc3 Nb4 32.Nb1 Na6 33.Na3 b4 34.Nc2 Nc7 35.Nce1 Nb5 36.Nf3 Bc7
37.Re1 a4 38.bxa4 Rxa4 39.Rd1 Ra2 40.Bf1 Rb8 41.Nxb4 Rxb2 42.Na6 Rb7 43.Bxb5 R2xb5
44.Nxc7 Rxc7 45.Ra1 Bc8 46.Ra8 Ke7 47.Kg2 Kd7 48.Ng1 Rb2 49.Ne2 Rcb7 50.f5 gxf5
51.Nf4 Rd2 52.Nxe6 Rbb2 53.Nf8+ Kd8 54.Rf3 Kc7 55.Ra4 Rd1 56.Rf4 Rbb1 57.Nh7 Rg1+
58.Kh2 Rh1+ 59.Kg2 Rhg1+ 60.Kf3 Rb3+ 61.Ke2 Rb2+ 62.Kd3 Re1 63.Ra7+ Kb8 64.Ra3 Rbb1
65.Ra2 Ba6+ 66.Kc3 Kc8 67.Rxa6 Rbc1+ 68.Kd2 Rcd1+ 69.Kc2 Rc1+ 70.Kb2 Rb1+
71.Kc3 Rbc1+ 72.Kd2  1/2-1/2

[Event "Balatonbereny op"]
[Site "Balatonbereny"]
[Date "1992.??.??"]
[Round "6"]
[White "Horvath, Jozsef"]
[Black "Milov, Leonid"]
[Result "1/2-1/2"]
[WhiteElo "2505"]
[BlackElo "2400"]

1.Nf3 d5 2.d4 c6 3.c4 Nf6 4.Qc2 dxc4 5.Qxc4 Bf5 6.Nc3 Nbd7 7.g3 e6 8.Bg2 Be7
9.O-O O-O 10.e3 b5 11.Qe2 b4 12.Na4 Be4 13.Bd2 Nb6 14.b3 Nxa4 15.bxa4 Qd5
16.Rfc1 Rfd8 17.Be1 Nd7 18.Nh4 Bxg2 19.Nxg2 e5 20.Qc4 Qxc4 21.Rxc4 a5 22.Rxc6 exd4
23.exd4 Nf6 24.Rd1 Rab8  1/2-1/2

[Event "BUL-chT"]
[Site "Bankia"]
[Date "1992.??.??"]
[Round "2"]
[White "Tashkov, Rumen"]
[Black "Nikov, Nikolai"]
[Result "1/2-1/2"]
[WhiteElo "2240"]
[BlackElo "2320"]

1.d4 d5 2.Nf3 Nf6 3.c4 c6 4.Nbd2 Qb6 5.g3 Bf5 6.Bg2 Nbd7 7.b3 e6 8.Bb2 h6
9.O-O Be7 10.Ne5 Rd8 11.Nxd7 Rxd7 12.e4 dxe4 13.Qe2 O-O 14.Nxe4 Nxe4 15.Bxe4 Bxe4
16.Qxe4 Bf6 17.Rfd1 Rfd8 18.c5 Qb4 19.Rac1 e5 20.Rd3 exd4 21.Rc4 Qa5 22.a3 Re7
23.Qf3 Qe1+ 24.Kg2 Red7 25.Bc1 Qe6 26.h3 Rd5 27.Qg4 Qxg4 28.hxg4 Bg5 29.Bxg5 Rxg5
30.Kf3 f5 31.gxf5 Rxf5+ 32.Kg2 Kf8 33.b4 Rfd5 34.f4 Kf7 35.Kf3 Kg6 36.Ke4 h5
37.Kf3 Kf5 38.Rc1 Re8 39.Rcd1 Re4 40.R1d2 Rd7 41.Rh2 g6 42.Rhd2 g5 43.fxg5 Rg4
44.Re2 Rxg5 45.Re8 Rdg7 46.Kf2 Rg4 47.Rf3+ Kg6 48.Re6+ Kh7 49.Re5 R4g5 50.Re4 Rd7
51.Rd3 Rg4 52.Re5 Kg6 53.Re8 Kg7 54.Re5 h4 55.gxh4 Rxh4 56.Ke2 Kf6 57.Re8 Re7+
58.Rxe7 Kxe7 59.Rg3 Ke6 60.Kd3 Rf4 61.Rg7  1/2-1/2

[Event "Benidorm op"]
[Site "Benidorm"]
[Date "1992.??.??"]
[Round "6"]
[White "Langeweg, Kick"]
[Black "Glimbrant, Torbjorn"]
[Result "1/2-1/2"]
[WhiteElo "2405"]
[BlackElo "2235"]

1.d4 d5 2.c4 c6 3.Nf3 Nf6 4.Qc2 g6 5.Bf4 Bg7 6.e3 O-O 7.Nc3 Qa5 8.Nd2 Bf5
9.Bd3 Bxd3 10.Qxd3 Nbd7 11.O-O Nh5 12.cxd5 Nxf4 13.exf4 cxd5 14.Nb3 Qc7 15.Nxd5 Qd6
16.Qf3 a5 17.Rac1 e6 18.Ne3 a4 19.Nc5 Nxc5 20.dxc5 Qe7 21.b4 axb3 22.axb3 Rfd8
23.Rfd1 Rxd1+ 24.Qxd1 Qc7 25.Qd6 Qa5 26.c6 bxc6 27.b4 Qa3 28.Qxc6 Rb8 29.Rb1 Rxb4
30.Qe8+  1/2-1/2

[Event "Bled op (Women)"]
[Site "Bled"]
[Date "1992.??.??"]
[Round "3"]
[White "Umanskaya, Irina"]
[Black "Shumiakina, Tatiana"]
[Result "1/2-1/2"]
[WhiteElo "2295"]
[BlackElo "2330"]

1.c4 Nf6 2.Nf3 c6 3.d4 d5 4.Qc2 g6 5.Bf4 Bg7 6.e3 O-O 7.Nc3 e6 8.Be2 Qe7
9.O-O Nbd7 10.Rab1 h6 11.h3 b6 12.b4 dxc4 13.Bxc4 Nd5 14.Nxd5 cxd5 15.Bd3 Bb7
16.a4 a5 17.bxa5 Rxa5 18.Bc7 Rfa8 19.Bxb6 Rxa4 20.Bd8 Qxd8 21.Rxb7 Qc8 22.Rb3  1/2-1/2